banner koha

Bostrichidae (Insecta: Coleoptera)em um agroecossistema cacaueiro da região sul do estado da Bahia (Registro n. 208556)

MARC details
000 -LÍDER
campo de controle de tamanho fixo 00879nas a2200301 4500
001 - NÚMERO DE CONTROLE
campo de controle BR2011000254
003 - IDENTIFICADOR DO NÚMERO DE CONTROLE
campo de controle BR-BrBNA
005 - DATA E HORÁRIO DA ÚLTIMA TRANSAÇÃO
campo de controle 20231205114405.0
007 - CAMPO FIXO DE DESCRIÇÃO FÍSICA--INFORMAÇÃO GERAL
campo de controle de tamanho fixo ta
008 - CAMPO DE DADOS FIXOS--INFORMAÇÃO GERAL
campo de controle de tamanho fixo 230509b bl.|||p| |||| 00| 00por d
040 ## - FONTE DA CATALOGAÇÃO
Instituição da catalogação original BR-BrBNA
Idioma da catalogação por
Instituição que transcreveu o registro Biblioteca Nacional de Agricultura
041 ## - CÓDIGO DE IDIOMA
Código do idioma do texto/trilha sonora ou título diferente (Pt)
072 ## - CÓDIGO DE CATEGORIA DE ASSUNTO
Código de Categoria de Assunto H10
100 1# - ENTRADA PRINCIPAL--NOME PESSOAL
Nome pessoal Marques, O.M.
100 1# - ENTRADA PRINCIPAL--NOME PESSOAL
Nome pessoal Gil-Santana, H.R.
245 1# - TÍTULO
Título Bostrichidae (Insecta: Coleoptera)em um agroecossistema cacaueiro da região sul do estado da Bahia
650 ## - ASSUNTO--TERMO TÓPICO
Cabeçalho tópico ou nome geográfico BROCA
650 ## - ASSUNTO--TERMO TÓPICO
Cabeçalho tópico ou nome geográfico PRAGA DE PLANTA
650 ## - ASSUNTO--TERMO TÓPICO
Cabeçalho tópico ou nome geográfico CACAU
650 ## - ASSUNTO--TERMO TÓPICO
Cabeçalho tópico ou nome geográfico DINODERUS MINUTUS
650 ## - ASSUNTO--TERMO TÓPICO
Cabeçalho tópico ou nome geográfico CARUNCHO
650 ## - ASSUNTO--TERMO TÓPICO
Cabeçalho tópico ou nome geográfico ARMADILHA LUMINOSA
650 ## - ASSUNTO--TERMO TÓPICO
Cabeçalho tópico ou nome geográfico TAXONOMIA
650 ## - ASSUNTO--TERMO TÓPICO
Cabeçalho tópico ou nome geográfico BAHIA
773 0# - ENTRADA ANALÍTICA
Título Magistra (Brazil)
ISSN - International Standard Serial Number ISSN 0102-5333
Partes relacionadas (Jul-Set 2008), v. 20(3) p. 301-304
Número de controle do registro BR2011000254
909 ## -
-- 202311
-- Lúcia
-- 55
-- Lúcia Elande
942 ## - ELEMENTOS DE ENTRADA ADICIONADOS (KOHA)
Fonte da classificação ou esquema de arquivamento na estante Classificação AGRIS
Ocultar no OPAC Não
Tipo de material Koha Analítica
Exemplares
Situação do descarte Fonte da classificação ou esquema de arquivamento na estante Situação física Não pode ser emprestado Biblioteca de origem Biblioteca atual Localização na estante Enumeração do periódico / cronologia Total de empréstimos Data de último acesso Número do exemplar Tipo de material Koha Fonte de aquisição
  Classificação AGRIS   Consulta local Biblioteca Nacional de Agricultura - Binagri Biblioteca Nacional de Agricultura - Binagri   (Jul-Set 2008), v. 20(3) p. 301-304   29/11/2023 01 Periódicos Portaria Interministerial nº 164/94

BINAGRI

Telefone: (61)3218-2567/2388/3357/2097 - binagri@agro.gov.br

Ministério da Agricultura e Pecuária , Esplanada dos Ministérios, Bloco D, Anexo B, Brasília/DF, CEP: 70.043-900